| 000 | 00747nam a22002057a 4500 | ||
|---|---|---|---|
| 999 |
_c5127 _d5127 |
||
| 003 | AR-CdUCM | ||
| 008 | 190312b ||||| |||| 00| 0 spa d | ||
| 040 |
_aMUNICIPALIDAD PROVINCIAL DEL CUSCO _cBIBLIOTECA MUNICIPAL DEL CUSCO |
||
| 082 |
_26ed. _a711 / _bB71 |
||
| 100 |
_aBoix Gené, José _915586 |
||
| 245 | _aUrbanismo / | ||
| 260 |
_aBarcelona : _b Eds. Ceac, _c1965. |
||
| 300 |
_a162 páginas ; _bIlustraciones, _c22cm. |
||
| 505 | _aLa revolucion en la ciudad -- Problemas urbanísticos en las actuales ciudades -- Los espacios verdes como imperiosa necesidad urbana -- Planeamiento del campo -- Apéndice | ||
| 650 |
_aUrbanismo _94748 |
||
| 650 |
_aArquitectura _93356 |
||
| 650 |
_aArte _9561 |
||
| 942 |
_2ddc _cLIBROS |
||
| 945 | _admma | ||